000 00456 a2200157 4500
020 _a8120324951
040 _aDLC
_bDLC
082 _a 005.8
100 _a NIIT
245 _aintroduction to information security risk management
_c NIIT
260 _aNew Delhi :
_bPrentice-Hall of India Pvt.Ltd.
_c2004
300 _a viii, 302 p ;
_b. : ill.
_c24 cm.
500 _aIncludes Index
650 _aComputer security--Management.
942 _cBK
_k 005.8 NII
_2ddc
999 _c6704
_d6704